| 000 | 00000nas 2200000za 4500 |
| 001 | 9.503691 |
| 003 | CaOODSP |
| 005 | 20210125140346 |
| 007 | cr ||||||||||| |
| 008 | 150406d20032007oncar p o f0 b0fre|d |
| 022 | |a1912-1652 |
| 040 | |aCaOODSP|bfre |
| 043 | |an-cn--- |
| 086 | 1 |aCC171-1F-PDF |
| 110 | 2 |aCommission canadienne de sûreté nucléaire. |
| 245 | 10|aRapport annuel ... du personnel de la CCSN sur le rendement en matière de sûreté des centrales nucléaires au Canada |h[ressource électronique]. |
| 260 | |aOttawa : |bCommission canadienne de sûreté nucléaire, |c2004-2008. |
| 310 | |aAnnuel |
| 362 | 0 |a2003-2007. |
| 775 | 08|tAnnual CNSC staff report for ... on the safety performance of the Canadian nuclear power industry |w(CaOODSP)9.507302 |
| 780 | 00|tRapport annuel ... du personnel de la CCSN sur les centrales nucléaires au Canada |w(CaOODSP)9.504019 |
| 785 | 00|tÉvaluation intégrée en matière de sûreté des centrales nucléaires au Canada par le personnel de la CCSN pour ... |w(CaOODSP)9.502644 |